000 00766nam a2200205Ii 4500
003 JO-AjNU
008 230605s9999||||xx |||||||||||||| ||und||
017 _a2007/6/1847
040 _aJO-AjNU
_bara
_erda
_cJO-AjNU
041 _aara
050 1 4 _aHF5721 2007
100 3 _aاعداد البرغوثي، بشير شريف,
_eauthor
_939673
245 0 0 _aفن كتابة الرسائل التجارية
264 3 1 _aعمان: المؤلف، 2007
300 _a113ص
_bيحتوي على ببلوغرافية من ص109-113ص
336 _atext
_btxt
_2rdacontent
337 _aunmediated
_bn
_2rdamedia
338 _avolume
_bnc
_2rdacarrier
650 4 _aالتجارة- اعمال المكاتب- الكتابة- كتابة الرسائل التجارية
_939674
999 _aA16775
_c20343
_d20343